Out patient module for E-RMCWH / (Record no. 217273)

MARC details
000 -LEADER
fixed length control field 00469nam a2200169Ia 4500
003 - CONTROL NUMBER IDENTIFIER
control field OSt
005 - DATE AND TIME OF LATEST TRANSACTION
control field 20260310101000.0
008 - FIXED-LENGTH DATA ELEMENTS--GENERAL INFORMATION
fixed length control field 211028s2011 xx 000 0 und d
040 ## - CATALOGING SOURCE
Transcribing agency AIMIT LIBRARY
041 ## - LANGUAGE CODE
Language code of text/sound track or separate title eng
100 ## - MAIN ENTRY--PERSONAL NAME
Personal name Sudhindra; R, Kavitha.
Miscellaneous information 81785
9 (RLIN) 3559
110 ## - MAIN ENTRY--CORPORATE NAME
Corporate name or jurisdiction name as entry element Manibhushan Dsouza.
9 (RLIN) 3560
245 ## - TITLE STATEMENT
Title Out patient module for E-RMCWH /
260 ## - PUBLICATION, DISTRIBUTION, ETC.
Place of publication, distribution, etc. Manipal
Date of publication, distribution, etc. 2011
710 ## - ADDED ENTRY--CORPORATE NAME
Corporate name or jurisdiction name as entry element Council of Scientific & Industrial Research
9 (RLIN) 3561
942 ## - ADDED ENTRY ELEMENTS (KOHA)
Source of classification or shelving scheme Dewey Decimal Classification
Koha item type Project Report
Holdings
Withdrawn status Lost status Source of classification or shelving scheme Damaged status Not for loan Collection code Home library Current library Date acquired Source of acquisition Total Checkouts Barcode Date last seen Price effective from Koha item type
    Dewey Decimal Classification   Not for loan Project Report MCA St Aloysius Institute of Management & Information Technology St Aloysius Institute of Management & Information Technology 10/28/2021 MCA   PRC00494 10/28/2021 10/28/2021 Project Report